Las transformaciones del espacio geohistórico latinoamericano, 1930-1990 /

Guardado en:
Autor Principal: Cunill Grau, Pedro
Formato: Libro
Publicado: Buenos Aires : Fondo de Cultura Económica, 1998
Series:Obras de historia : Fideicomiso Historia de las Américas, serie Ensayos / coordinada por Alicia Hernández Chávez
Materias:
Etiquetas: Agregar Etiqueta
Sin Etiquetas, Sea el primero en etiquetar este registro!
LEADER 02257nam a22002415a 4500
001 CEM.cems009903
005 20080702113349.0
008 130507s1998##################000#0#####d
003 CEMS
020 |a 9505572522 
082 0 4 |a 330.980 
100 1 |a Cunill Grau, Pedro 
245 1 0 |a Las transformaciones del espacio geohistórico latinoamericano, 1930-1990 /  |c Pedro Cunill Grau 
260 |a Buenos Aires :  |b Fondo de Cultura Económica,  |c 1998 
300 |a 191 p. 
490 0 |a Obras de historia : Fideicomiso Historia de las Américas, serie Ensayos / coordinada por Alicia Hernández Chávez 
500 |a Red Federal de Formación Docente Continua 
505 0 |a Espacio geohistórico contemporáneo y ambiente: las ilusiones perdidas -- Incidencia de los cambios ambientales en los espacios latinoamericanos -- Geografía del azar y percepción catastrófica en los espacios latinoamericanos -- Violencia y conformación de espacios de inseguridad. Hacia los paisajes de refugio -- Cambios espaciales por sobreexplotación de recursos mineros y energéticos. Arcaísmos paisajístas y transnacionalización de enclaves productivos de recursos naturales no renovables -- Eclosión de espacios marítimos y antárticos. Transformaciones y movilizaciones de recursos marítimos. Revalorización de espacios insulares -- Relictos de paisajes ancestrales y espacios de pobreza extrema: el éxodo rural. Raleos por deforestaciones tradicionales -- Cambios en espacios modernos agropecuarios: Avances pioneros en los espacios periféricos e interiores -- Contracciones de espacios de circulación fluvial y ferroviaria. Densificación y apertura de carreteras y utilización del espacio aéreo -- Cambios en la conformación espacial urbana. Concentración de paisajes metropolitanos. Megalópolis en gestación. Nuevas capitalidades. Ocaso de centros históricos e irrupción de la subintegración -- Geohistoria contemporánea y crisis prospectiva del patrimonio paisajístico latinoamericano 
653 |a América latina-economía 
653 |a Historia de américa 
653 |a América latina-espacio geográfico 
859 |a CEMS  |b BIB. CEMS - 11 de abril  |h 330.980  |i C764  |p 20210.99  |t Ej.1 
859 |a CEMS  |b BIB. CEMS - 11 de abril  |h 330.980  |i C764  |p 23438.06  |t Ej.2